| 000 | 00838nab a2200253 u 4500 | ||
|---|---|---|---|
| 001 | 11018 | ||
| 003 | HDC | ||
| 007 | cr bn ---aaaaa | ||
| 008 | 210206c mydr|nes 0 a eng d | ||
| 040 | _aHDC | ||
| 245 | 0 | _aRestaurant Secretary Fined $5k For Forging Halal Certificate | |
| 260 |
_a[no place] : _b[publisher not identified], _c[no year] |
||
| 336 |
_atext _2rdacontent |
||
| 337 |
_acomputer _2rdamedia |
||
| 338 |
_aonline resource _2rdacarrier |
||
| 650 |
_aHalal certificate _9482 |
||
| 650 |
_aHalal industry _9144 |
||
| 650 |
_aRestaurant _99782 |
||
| 710 | _aThe Real Singapore | ||
| 856 | _zRequest full-text at [email protected] | ||
| 942 | _2lcc | ||
| 942 | _cNEWS | ||
| 942 | _kNWSO 000295 | ||
| 999 |
_c8341 _d8341 |
||